Loading...

Avatharam /

Bibliografiske detaljer
Hovedforfatter: Thampi, P. V.
Sprog:Undetermined
Udgivet: Kottayam : Current Books , 1986,2005.
Udgivelse:2nd ed.
Fag:
LEADER 01197nam a2200205Ia 4500
001 65307
008 170722s9999 xx 000 0 und d
100 |a Thampi, P. V. 
245 |a Avatharam / 
250 |a 2nd ed. 
260 |a Kottayam :  |b Current Books ,  |c 1986,2005. 
300 |a 492 p.  |c 21cms 
653 |a Malayalam Novel 
942 |c GEN 
999 |c 105335  |d 105335 
952 |0 0  |1 0  |4 0  |6 O_323NTH39AV_M6M61P5KRP52  |7 0  |9 148402  |a LIB  |b LIB  |d 2017-08-12  |o O32,3NTH39,AV M6-M6;1,P5(KR)-P5;2  |p 199640  |r 2017-08-12  |v 55.00  |w 2017-08-12  |y GEN 
952 |0 1  |1 0  |4 0  |6 O_323NTH39AV_M6M61P5KRP52  |7 0  |9 148403  |a LIB  |b LIB  |d 2017-08-12  |o O32,3NTH39,AV M6-M6;1,P5(KR)-P5;2  |p 199641  |r 2017-08-12  |v 55.00  |w 2017-08-12  |y GEN 
952 |0 0  |1 0  |4 0  |6 O_323NTH39AV_M6M61P5KRP52  |7 0  |8 KR  |9 148404  |a LIB  |b LIB  |d 2017-08-12  |o O32,3NTH39,AV M6-M6;1,P5(KR)-P5;2  |p 265892  |r 2017-08-12  |v 55.00  |w 2017-08-12  |y GEN 
952 |0 0  |1 0  |4 0  |6 O_323NTH39AV_M6M61P5KRP52  |7 0  |9 148405  |a LIB  |b LIB  |d 2017-08-12  |l 3  |o O32,3NTH39,AV M6-M6;1,P5(KR)-P5;2  |p 274696  |r 2019-12-16  |s 2019-11-25  |v 55.00  |w 2017-08-12  |y GEN 
952 |0 0  |1 0  |4 0  |6 O_323NTH39AV_M6M61P5KRP52  |7 0  |9 148406  |a LIB  |b LIB  |d 2017-08-12  |l 4  |o O32,3NTH39,AV M6-M6;1,P5(KR)-P5;2  |p 274697  |r 2019-11-23  |s 2019-10-14  |v 55.00  |w 2017-08-12  |y GEN